000 00340nam a2200097Ia 4500
008 220120s9999||||xx |||||||||||||| ||und||
100 _aPavan C K and et.al
_912849
245 0 _aDesign and fabrication of biomass gasfier to use coffee husk
260 _aCoorg Institute of Technology
_bPonnampet
_c2004
650 _aELECTRONICS AND COMMUNICATIONS
999 _c138449
_d138449